| 000 | 00727nam a2200181Ia 4500 | ||
|---|---|---|---|
| 008 | 100921s9999 xx 000 0 und d | ||
| 082 |
_b13309 _a320 थ 45 |
||
| 100 | _aजावडेकर शंकर दत्तात्रय. | ||
| 245 | _aहिंदु मुस्लीम ऎक्य. | ||
| 260 |
_bसुलभ राष्ट्रीय ग्रंथमाला,पुणे. _c1945 |
||
| 300 |
_a192 _b--- |
||
| 365 | _b3 | ||
| 520 | _aस.शा.राज्यशास्त्र. | ||
| 630 | _aहिंदु मुस्लीम ऎक्य. | ||
| 650 | _aस.शा.राज्यशास्त्र. | ||
| 730 | _aहिंदु मुस्लीम ऎक्य. | ||
| 942 | _cBOOK | ||
| 999 |
_c762422 _d762419 |
||